Plutarch's "Moralia" : (Record no. 86063)
[ view plain ]
| 000 -LEADER | |
|---|---|
| fixed length control field | 01093nam a2200301 a 4500 |
| 001 - CONTROL NUMBER | |
| control field | 86063 |
| 003 - CONTROL NUMBER IDENTIFIER | |
| rucl marc code | BD-RjUL |
| 005 - DATE AND TIME OF LATEST TRANSACTION | |
| control field | 20260104152649.0 |
| 008 - FIXED-LENGTH DATA ELEMENTS--GENERAL INFORMATION | |
| fixed length control field | 250104s1912 enk 000 0 eng |
| 035 ## - SYSTEM CONTROL NUMBER | |
| System control number | (BD-RjUL)86063 |
| 040 ## - CATALOGING SOURCE | |
| Original cataloging agency | DLC |
| Transcribing agency | OClU |
| Modifying agency | OCoLC |
| -- | DLC |
| -- | BD-RjUL |
| Language of cataloging | eng |
| 041 1# - LANGUAGE CODE | |
| Language code of text/sound track or separate title | eng |
| Language code of original | grc |
| 082 ## - DEWEY DECIMAL CLASSIFICATION NUMBER | |
| Edition number | 23 |
| Classification number | 888 |
| Author mark and year | PLP 1912 |
| 100 0# - MAIN ENTRY--PERSONAL NAME | |
| Personal name | Plutarch. |
| 9 (RLIN) | 17552 |
| 245 00 - TITLE STATEMENT | |
| Title | Plutarch's "Moralia" : |
| Remainder of title | twenty essays / |
| Statement of responsibility, etc. | [by] Plutarch; Translated by Philemon Holland |
| 260 ## - PUBLICATION, DISTRIBUTION, ETC. (IMPRINT) | |
| Place of publication, distribution, etc. | London; |
| -- | New York, |
| Name of publisher, distributor, etc. | J.M. Dent & Sons, ltd.; |
| -- | E.P. Dutton & Co., inc. |
| Date of publication, distribution, etc. | [1912?] |
| 300 ## - PHYSICAL DESCRIPTION | |
| Pagination | xiv, 432 p. |
| Size | 18 cm. |
| 336 ## - CONTENT TYPE | |
| Content type term | text |
| Content type code | txt |
| Source | rdacontent |
| 337 ## - MEDIA TYPE | |
| Media type term | unmediated |
| Media type code | n |
| Source | rdamedia |
| 338 ## - CARRIER TYPE | |
| Carrier type term | volume |
| Carrier type code | nc |
| Source | rdacarrier |
| 490 0# - SERIES STATEMENT | |
| Series statement | Everyman's library. Classical |
| 500 ## - GENERAL NOTE | |
| General note | "Introduction by E. H. Blakeney... Translated by Philemon Holland." |
| General note | "First published in this edition, 1912 |
| 650 #0 - SUBJECT ADDED ENTRY--TOPICAL TERM | |
| Topical term or geographic name as entry element | Classical Greek miscellaneous writings ( essays) |
| 9 (RLIN) | 17553 |
| Topical term or geographic name as entry element | Ethics |
| Form subdivision | Early works to 1800. |
| 9 (RLIN) | 775 |
| 700 1# - ADDED ENTRY--PERSONAL NAME | |
| Personal name | Holland, Philemon, |
| Dates associated with a name | 1552-1637, |
| Relator term | tr. |
| 942 ## - ADDED ENTRY ELEMENTS (KOHA) | |
| Source of classification or shelving scheme | Dewey Decimal Classification |
| Koha item type | Books |
| Lost status | Source of classification or shelving scheme | Damaged status | Not for loan | Collection code | Permanent Location | Current Location | Shelving location | Date acquired | Total Checkouts | Full call number | Date last seen | Copy number | Koha item type |
|---|---|---|---|---|---|---|---|---|---|---|---|---|---|
| Dewey Decimal Classification | Not For Loan | Non-fiction | Central Library, University of Rajshahi | Central Library, University of Rajshahi | Reading Room | 04/01/2026 | 888 PLP 1912 | 04/01/2026 | C-1 | Books |